00533nam a22001697a 450000500170000001000150001702000260003203500140005803700130007208200100008510000230009524500520011826000450017027000660021530000240028150000580030520181024152517.0 aENG-124357 a9780199091836c650.00 aEN-107889 bDBAD/PUB a230.1 aNayak, Meena Arora aEvil in the mahabharata /cby Meena Arora Nayak aNew DelhibOxford University Pressc2018 bNew Delhie110002a2/11 Ground Floor, Ansari Road, Daryaganj, axix,355pc22cm.(Hb) aIt includes bibliography, index and about the author